The other side of Heaven 2 : (Record no. 322236)
[ view plain ]
| 000 -LEADER | |
|---|---|
| fixed length control field | 02429cgm a2200589Ki 4500 |
| 001 - CONTROL NUMBER | |
| control field | on1119736723 |
| 003 - CONTROL NUMBER IDENTIFIER | |
| control field | OCoLC |
| 005 - DATE AND TIME OF LATEST TRANSACTION | |
| control field | 20200320222158.0 |
| 007 - PHYSICAL DESCRIPTION FIXED FIELD--GENERAL INFORMATION | |
| fixed length control field | vd cvaizq |
| 008 - FIXED-LENGTH DATA ELEMENTS--GENERAL INFORMATION | |
| fixed length control field | 190918s2019 utu110 vleng d |
| 024 1# - OTHER STANDARD IDENTIFIER | |
| Standard number or code | 783027017793 |
| 028 42 - PUBLISHER NUMBER | |
| Publisher number | 5226620 |
| Source | Excel Entertainment Group |
| 035 ## - SYSTEM CONTROL NUMBER | |
| System control number | (OCoLC)1119736723 |
| 037 ## - SOURCE OF ACQUISITION | |
| Source of stock number/acquisition | Midwest Tape |
| Note | http://www.midwesttapes.com |
| 040 ## - CATALOGING SOURCE | |
| Original cataloging agency | TEFMT |
| Language of cataloging | eng |
| Description conventions | rda |
| Transcribing agency | TEFMT |
| Modifying agency | TEF |
| -- | WACOL |
| 049 ## - LOCAL HOLDINGS (OCLC) | |
| Holding library | WACL |
| 050 #4 - LIBRARY OF CONGRESS CALL NUMBER | |
| Classification number | PN1997.2 |
| Item number | .O84 2019 |
| 082 04 - DEWEY DECIMAL CLASSIFICATION NUMBER | |
| Classification number | 791.43/72 |
| Edition number | 23 |
| 092 ## - LOCALLY ASSIGNED DEWEY CALL NUMBER (OCLC) | |
| Classification number | dvd |
| Item number | Oth |
| 245 04 - TITLE STATEMENT | |
| Title | The other side of Heaven 2 : |
| Remainder of title | fire of faith / |
| Statement of responsibility, etc | directed by Mitch Davis. |
| 264 #1 - Production, Publication, Distribution, Manufacture, and Copyright Notice. | |
| Place of production, publication, distribution, manufacture | Salt Lake City, UT : |
| Name of producer, publisher, distributor, manufacturer | Excel Entertainment Group, |
| Date of production, publication, distribution, manufacture, or copyr | [2019] |
| 300 ## - PHYSICAL DESCRIPTION | |
| Extent | 1 videodisc (110 min.) : |
| Other physical details | sound, color ; |
| Dimensions | 4 3/4 in. |
| 336 ## - Content Type | |
| Content type term | two-dimensional moving image |
| 337 ## - Media type | |
| Media type term | video |
| 338 ## - Carrier type | |
| Carrier type term | videodisc |
| 344 ## - | |
| -- | digital |
| -- | rdatr |
| 344 ## - | |
| -- | optical |
| -- | rdarm |
| 347 ## - | |
| -- | video file |
| -- | rdaft |
| 347 ## - | |
| -- | DVD video |
| 380 ## - | |
| -- | Motion picture |
| -- | lcgft |
| 538 ## - SYSTEM DETAILS NOTE | |
| System details note | DVD; Widescreen presentation. |
| 500 ## - GENERAL NOTE | |
| General note | Title from sell sheet. |
| 511 1# - PARTICIPANT OR PERFORMER NOTE | |
| Participant or performer note | Christopher Gorham, Natalie Medlock, Russell Dixon, Joe Folau. |
| 500 ## - GENERAL NOTE | |
| General note | Widescreen. |
| 521 8# - TARGET AUDIENCE NOTE | |
| Target audience note | Rating: PG-13; for some thematic material including violence. |
| 520 ## - SUMMARY, ETC. | |
| Summary, etc | Missionary John H. Groberg returns to Tonga in the '60s with his wife and their five young daughters. The Grobergs face their ultimate test of faith but are surrounded by the love and prayers of thousands of Tongans. Barriers of inter-religious strife are soon broken down as all unite in hopes of a miracle. |
| 521 ## - TARGET AUDIENCE NOTE | |
| Target audience note | dvd |
| Source | deseret book |
| 650 #0 - SUBJECT ADDED ENTRY--TOPICAL TERM | |
| Topical term or geographic name as entry element | Faith |
| Form subdivision | Drama. |
| 9 (RLIN) | 5689400 |
| 650 #0 - SUBJECT ADDED ENTRY--TOPICAL TERM | |
| Topical term or geographic name as entry element | Missionaries |
| Form subdivision | Drama. |
| 9 (RLIN) | 5803222 |
| 655 #7 - INDEX TERM--GENRE/FORM | |
| Genre/form data or focus term | Action and adventure films. |
| Source of term | lcgft |
| 9 (RLIN) | 5674017 |
| 655 #7 - INDEX TERM--GENRE/FORM | |
| Genre/form data or focus term | Biographical films. |
| Source of term | lcgft |
| 9 (RLIN) | 102649 |
| 655 #7 - INDEX TERM--GENRE/FORM | |
| Genre/form data or focus term | Feature films. |
| Source of term | lcgft |
| 9 (RLIN) | 6012726 |
| 700 1# - ADDED ENTRY--PERSONAL NAME | |
| Personal name | Davis, Mitch, |
| Relator term | film director. |
| 9 (RLIN) | 63147 |
| 700 1# - ADDED ENTRY--PERSONAL NAME | |
| Personal name | Gorham, Christopher, |
| Dates associated with a name | 1974- |
| Relator term | actor. |
| 9 (RLIN) | 69043 |
| 700 1# - ADDED ENTRY--PERSONAL NAME | |
| Personal name | Medlock, Natalie, |
| Dates associated with a name | 1986- |
| Relator term | actor. |
| 9 (RLIN) | 6012727 |
| 700 1# - ADDED ENTRY--PERSONAL NAME | |
| Personal name | Dixon, Russell, |
| Relator term | actor. |
| 9 (RLIN) | 5802584 |
| 710 2# - ADDED ENTRY--CORPORATE NAME | |
| Corporate name or jurisdiction name as entry element | Excel Entertainment Group, |
| Relator term | publisher. |
| 9 (RLIN) | 5673856 |
| 942 ## - ADDED ENTRY ELEMENTS (KOHA) | |
| Koha item type | DVD |
| 948 ## - LOCAL PROCESSING INFORMATION (OCLC); SERIES PART DESIGNATOR (RLIN) | |
| Series part designator, SPT (RLIN) | 10/08/2019 |
| z (OCLC) | Sirsi |
| 994 ## - | |
| -- | C0 |
| -- | WACOL |
| 996 ## - | |
| -- | 170946 |
| -- | 34301001597709 |
| -- | DVD |
| -- | DVD |
| -- | wcl |
| -- | o |
| -- | 14 |
| -- | 19.99 |
| -- | deseret book |
| -- | Oth |
| -- | 10/08/2019 |
| -- | 03/06/2020 |
| -- | 03/13/2020 |
| Withdrawn status | Lost status | Source of classification or shelving scheme | Damaged status | Not for loan | Collection code | Home library | Current library | Shelving location | Date acquired | Source of acquisition | Cost, normal purchase price | Total Checkouts | Total Renewals | Full call number | Barcode | Date last seen | Date checked out | Cost, replacement price | Price effective from | Koha item type |
|---|---|---|---|---|---|---|---|---|---|---|---|---|---|---|---|---|---|---|---|---|
| Dewey Decimal Classification | Movies | Wasatch County Library | Wasatch County Library | Audio Visual Area | 10/08/2019 | 19.99 | 21 | 7 | DVD Oth | 34301001597709 | 10/03/2024 | 09/28/2024 | 19.99 | 03/20/2020 | DVD |
